Fr. Conceicao Rodrigues College of Engineering

Welding (Record no. 24351)

MARC details
000 -LEADER
fixed length control field 00266nam a2200133Ia 4500
100 ## - MAIN ENTRY--PERSONAL NAME
Personal name Bainbridge/C.G
245 ## - TITLE STATEMENT
Title Welding
260 ## - PUBLICATION, DISTRIBUTION, ETC.
Name of publisher, distributor, etc. Teach yourself Books
Place of publication, distribution, etc. U.K.
Date of publication, distribution, etc. 1977
300 ## - PHYSICAL DESCRIPTION
Extent 181
546 ## - LANGUAGE NOTE
Language note ENGLISH
654 ## - SUBJECT ADDED ENTRY--FACETED TOPICAL TERMS
Focus term Welding
942 ## - ADDED ENTRY ELEMENTS (KOHA)
Koha item type BOOK
Holdings
Withdrawn status Lost status Damaged status Not for loan Collection Home library Current library Shelving location Date acquired Total Checkouts Full call number Barcode Date last seen Price effective from Koha item type
        CRC Fr. Agnel's C.Rodrigues College of Engineering Fr. Agnel's C.Rodrigues College of Engineering   17/03/2023   5355 17/03/2023 17/03/2023 BOOK